00815nam a22002297a 4500999001900000005001700019010001500036020002700051035001300078037001300091082001300104245010800117260003000225270006800255300003300323490002200356500001900378700001600397700001900413942002700432952012600459 c100284d10028420181204144743.0 aENG-115253 a9789384082840c1450.00 aEN-98785 bDBAD/PUB a303.4825 aRethinking connectivity :bregion, place and space in Asia /cedited by Lipi Ghosh [and] Rila Mukherjee aDelhibPrimus Booksc2016 aVirat Bhawan, Mukherjee Nagar Commercial ComplexbDelhie110009 axiii,183p. :bill.c25cm(Hb) aIssues in history aIncludes index aGhosh, Lipi aMukherjee,Rila 2ddccENmRETh303.4825 001040718NFICaDBADbBNd2016-06-13eDBAD/PUBg1450.00l0o303.4825 RETpEN-98785r2016-06-13 00:00:00t1v1450.00yEN